Statistics for My version of Europa Universails IV

Click here to take the quiz!

General Stats

  • This quiz has been taken 3 times
  • The average score is 2 of 56

Answer Stats

Country nowIn 2102% Correct
Spain and PortugalIberia
50%
PortugalLisbon
50%
UKLondon
50%
FranceParis
50%
SpainAndalusia
0%
SpainAragonese Mainland
0%
UKBelfast
0%
UKBristol County
0%
FranceBrittany
0%
SpainCastilles Of Spain
0%
FranceCentral France
0%
IrelandCentral Tips Of Ireland
0%
SpainCeuta
0%
FranceCorsica
0%
IrelandDublin
0%
ItalyEastern Coast Of Italy
0%
FranceEastern Core
0%
FranceEastern France
0%
SpainEast Navarre
0%
UKFalkland Islands
0%
FranceFrench Bordering Territory
0%
UKGiant's Causeway
0%
UKGlasgow County
0%
PortugalGolden Portugal/ Rich Portugal
0%
PortugalIberia Coast
0%
SpainIbiza
0%
IrelandIrish South Coast
0%
IrelandIrish West Coast
0%
UKIsle of Man
0%
ItalyItalian Heart
0%
ItalyItalian Innerhooden
0%
ItalyItalian Milanese Innerhooden
0%
UKJersey
0%
UKLandlocked Wales
0%
ItalyLazio
0%
UKLiverpool Innerhooden
0%
UKLiverpool Outerhooden
0%
UKMainland Scotland
0%
FranceMarseille
0%
UKNorthern England
0%
FranceOccitanie
0%
SpainOther Canaries
0%
ItalyOuter Libya
0%
ItalyOuter Tunisia
0%
PortugalPoor Portugal
0%
PortugalPorto
0%
PortugalPortuguese Micronations
0%
FranceSaint Martin
0%
ItalySardinia
0%
ItalySicilian Empire
0%
FranceSouthern France
0%
PortugalSouthern Portugal Strip
0%
SpainTenerife
0%
IrelandTipperary
0%
SpainValencian Community
0%
UKWelsh Coast
0%

Score Distribution

Percentile by Number Answered

Percent of People with Each Score

Your Score History

You have not taken this quiz